Iterates of piecewise monotone mappings on an interval
Αποθηκεύτηκε σε:
| Κύριος συγγραφέας: | |
|---|---|
| Μορφή: | Βιβλίο |
| Γλώσσα: | English |
| Δημοσίευση: |
Berlin :
springer-Verlag,
c1988
|
| Σειρά: | Lecture notes in mathematics (Springer-Verlag)
; 1347 |
| Θέματα: | |
| Ετικέτες: |
Προσθήκη ετικέτας
Δεν υπάρχουν, Καταχωρήστε ετικέτα πρώτοι!
|
MARC
| LEADER | 00000nam a2200000 i 4500 | ||
|---|---|---|---|
| 001 | 1/28257 | ||
| 008 | 941103s1988 eng d | ||
| 020 | |a 3-540-50329-3 | ||
| 035 | |a 1993 |l 10038030 | ||
| 040 | |a GR-MY-UA |b gre |e aacr | ||
| 041 | 0 | |a eng | |
| 082 | 0 | |a 515.83 | |
| 100 | 1 | |a Preston, Chris. | |
| 245 | 1 | 0 | |a Iterates of piecewise monotone mappings on an interval / |c Chris Preston |
| 260 | |a Berlin : |b springer-Verlag, |c c1988 | ||
| 300 | |a 166 p.; |c 25 cm. | ||
| 490 | 1 | |a Lecture notes in mathematics (Springer-Verlag) |v ; 1347 | |
| 500 | |a Includes bibliography and index | ||
| 650 | 0 | 0 | |a Functions of real variables. |
| 650 | 0 | 0 | |a Mappings (Mathematics) |
| 650 | 0 | 0 | |a Topological dynamics. |
| 830 | 0 | |a Lecture notes in mathematics (Springer-Verlag) |v ; 1347 | |
| 852 | |a INST |b SAMOS |e 19941103 |h 515.83 PRE |p 005300006913 |q 005300006913 |t BK |y 0 | ||
| 909 | |a Σ |b 029184 | ||